"Chuck" Quiz (Season 1) - Statistics

General Stats
  • This quiz has been taken 505 times
  • The average score is 12 of 19
Answer Stats
Hint Answer % Correct
What is Ellie Bartowski's proffesion? Doctor
96%
Where does Chuck work? Buy More
95%
What is the computer and technical support division of the Buy More called? Nerd Herd
90%
How many episodes are there in season 1? 13
86%
Who emails Chuck the Intersect? Bryce Larkin
81%
What is Chuck's full name? Charles Bartowski
80%
Who does Adam Baldwin play as? John Casey
78%
A member of the Nerd Herd Jeff
77%
A member of the Nerd Herd Lester
77%
Who is the actress of Sarah Walker? Yvonne Strahovski
67%
A member of the Nerd Herd Anna
58%
What does Chuck have a poster of in his room? Tron
58%
What does Big Mike have on the wall? Marlin
50%
What is the special word used to indicate a Very Bad Situation? Pineapple
50%
What is Sarah's real middle name? Lisa
40%
Where does Sarah work? Wienerlicious
39%
What does Morgan like on his sweet potaoes? Marshmallows
38%
What actor did voices for video games such as Mass Effect 2, Halo 3 and Batman: Arkham Origins - Blackgate? Adam Baldwin
32%
What university did Chuck go to? Standford
27%
No matching quizzes found
Score Distribution
Percent of People with Each Score
Percentile by Number Answered
Your Score History
You have not taken this quiz